<?xml version="1.0" encoding="UTF-8"?>
<record
    xmlns:xsi="http://www.w3.org/2001/XMLSchema-instance"
    xsi:schemaLocation="http://www.loc.gov/MARC21/slim http://www.loc.gov/standards/marcxml/schema/MARC21slim.xsd"
    xmlns="http://www.loc.gov/MARC21/slim">

  <leader>02157nam a2200325 i 4500</leader>
  <controlfield tag="003">DO-SdBNP</controlfield>
  <controlfield tag="005">20250129132958.0</controlfield>
  <controlfield tag="007">ta</controlfield>
  <controlfield tag="008">240509e1994    dr ad||| |||| 00| 0 spa d</controlfield>
  <datafield tag="040" ind1=" " ind2=" ">
    <subfield code="a">DO-SdBNP</subfield>
    <subfield code="b">spa</subfield>
    <subfield code="c">BNPHU</subfield>
    <subfield code="e">rda</subfield>
  </datafield>
  <datafield tag="082" ind1=" " ind2="4">
    <subfield code="a">xxx</subfield>
    <subfield code="b">L181m 1994</subfield>
    <subfield code="2">22</subfield>
  </datafield>
  <datafield tag="100" ind1="1" ind2=" ">
    <subfield code="a">Lagual, Valentina,</subfield>
    <subfield code="e">autora}</subfield>
    <subfield code="9">85420</subfield>
    <subfield code="4">aut.</subfield>
  </datafield>
  <datafield tag="245" ind1="1" ind2="0">
    <subfield code="a">Matem&#xE1;tica y ciencias naturales 3&#xBA; : </subfield>
    <subfield code="b">libro del alumno /</subfield>
    <subfield code="c">Valentina Lagual, Mercedes Almonte Valdez, Andrea Griselda Rinc&#xF3;n Ozuna, Carmen Elena Cruz.</subfield>
  </datafield>
  <datafield tag="246" ind1="1" ind2="3">
    <subfield code="a">Matem&#xE1;tica y ciencias naturales tercer grado : </subfield>
    <subfield code="b">libro del alumno</subfield>
  </datafield>
  <datafield tag="264" ind1=" " ind2="1">
    <subfield code="a">Santo Domingo :</subfield>
    <subfield code="b">Programa de Mejoramiento de la Educaci&#xF3;n B&#xE1;sica,</subfield>
    <subfield code="c">1994.</subfield>
  </datafield>
  <datafield tag="300" ind1=" " ind2=" ">
    <subfield code="a">158 p&#xE1;ginas : </subfield>
    <subfield code="b">ilustraciones, gr&#xE1;ficos ;</subfield>
    <subfield code="c">26 cm.</subfield>
  </datafield>
  <datafield tag="336" ind1=" " ind2=" ">
    <subfield code="a">texto</subfield>
    <subfield code="b">txt</subfield>
    <subfield code="2">rdacontent</subfield>
  </datafield>
  <datafield tag="337" ind1=" " ind2=" ">
    <subfield code="a">sin mediaci&#xF3;n</subfield>
    <subfield code="b">n</subfield>
    <subfield code="2">rdamedia</subfield>
  </datafield>
  <datafield tag="338" ind1=" " ind2=" ">
    <subfield code="a">volumen</subfield>
    <subfield code="b">nc</subfield>
    <subfield code="2">rdacarrier</subfield>
  </datafield>
  <datafield tag="500" ind1=" " ind2=" ">
    <subfield code="a">Libro del alumno 3&#xBA; grado.</subfield>
  </datafield>
  <datafield tag="500" ind1=" " ind2=" ">
    <subfield code="a">Con: Matem&#xE1;tica, p&#xE1;ginas 1 - 70 / Valentina Lagual y Mercedes Almonte Valdez,
Con: Ciencias Naturales, p&#xE1;ginas 70 - 158  /  Andrea Griselda Rinc&#xF3;n Ozuna y Carmen Elena Cruz.</subfield>
  </datafield>
  <datafield tag="505" ind1=" " ind2=" ">
    <subfield code="a">Ciancias Naturales /  </subfield>
    <subfield code="r">Andrea Griselda Rinc&#xF3;n Ozuna y Carmen Elena Cruz--</subfield>
    <subfield code="t">Unidad I: Nuestro ambiente natural--</subfield>
    <subfield code="t">Unidad II: Funciones de los seres vivos-- </subfield>
    <subfield code="t">Unidad III: &#xBF;C&#xF3;mo se reproducen los seres vivos?--</subfield>
    <subfield code="t">Unidad IV: Plantas y animales como recursos naturales-- </subfield>
    <subfield code="t">Unidad V: &#xBF;Qu&#xE9; es materia? &#xBF;c&#xF3;mo se presenta?--</subfield>
    <subfield code="t">Unidad VI: La naturaleza: fuente de luz, calor y sonido.</subfield>
  </datafield>
  <datafield tag="505" ind1=" " ind2=" ">
    <subfield code="a">Matem&#xE1;tica /</subfield>
    <subfield code="r">Valentina Lagual y Mercedes Almonte Valdez--</subfield>
    <subfield code="t">Unidad I: Sistema de Numeraci&#xF3;n--</subfield>
    <subfield code="t">Unidad II: Geometr&#xED;a--</subfield>
    <subfield code="t">Unidad III : Operaciones entre N&#xFA;meros Nturales--</subfield>
    <subfield code="t">Unidad IV : Geometr&#xED;a}--</subfield>
    <subfield code="t">Unidad V : N&#xFA;meros de Fracciones--</subfield>
    <subfield code="t">Unidad VI : Medidas--</subfield>
    <subfield code="t">Unidad VII : Introducci&#xF3;n a la Estad&#xED;stica. </subfield>
  </datafield>
  <datafield tag="590" ind1=" " ind2=" ">
    <subfield code="a">Inventariado 2024 / MF</subfield>
  </datafield>
  <datafield tag="700" ind1=" " ind2=" ">
    <subfield code="a">Almonte Valdez, Valdez,</subfield>
    <subfield code="e">autor</subfield>
    <subfield code="9">85421</subfield>
    <subfield code="4">aut.</subfield>
  </datafield>
  <datafield tag="700" ind1="1" ind2=" ">
    <subfield code="a">Rinc&#xF3;n Ozuna, Andrea Griselda,</subfield>
    <subfield code="9">74870</subfield>
    <subfield code="e">autor</subfield>
    <subfield code="4">aut.</subfield>
  </datafield>
  <datafield tag="700" ind1="1" ind2=" ">
    <subfield code="a">Cruz, Carmen Elena,</subfield>
    <subfield code="9">36937</subfield>
    <subfield code="e">autor</subfield>
    <subfield code="4">aut.</subfield>
  </datafield>
  <datafield tag="710" ind1="1" ind2=" ">
    <subfield code="a">Rep&#xFA;blica Dominicana</subfield>
    <subfield code="b">Secretar&#xED;a de Estado de Educaci&#xF3;n, Bellas Artes y Cultos</subfield>
    <subfield code="9">57502</subfield>
  </datafield>
  <datafield tag="942" ind1=" " ind2=" ">
    <subfield code="2">ddc</subfield>
    <subfield code="c">LBS1</subfield>
  </datafield>
  <datafield tag="952" ind1=" " ind2=" ">
    <subfield code="0">0</subfield>
    <subfield code="1">0</subfield>
    <subfield code="2">ddc</subfield>
    <subfield code="5">1</subfield>
    <subfield code="7">0</subfield>
    <subfield code="8">PD</subfield>
    <subfield code="a">BNPHU</subfield>
    <subfield code="b">BNPHU</subfield>
    <subfield code="c">CT</subfield>
    <subfield code="d">2021-12-16</subfield>
    <subfield code="e">Donado por Colegio Nuestra Se&#xF1;ora de Lourdes</subfield>
    <subfield code="l">0</subfield>
    <subfield code="o">BNPHU PD L181m 1994</subfield>
    <subfield code="p">2024-2851</subfield>
    <subfield code="r">2024-05-09</subfield>
    <subfield code="w">2024-05-09</subfield>
    <subfield code="y">LBS1</subfield>
  </datafield>
  <datafield tag="999" ind1=" " ind2=" ">
    <subfield code="c">56621</subfield>
    <subfield code="d">56621</subfield>
  </datafield>
</record>
